LEADER 01866oas 2200661 a 450 001 9910696529503321 005 20251106213014.0 035 $a(OCoLC)56667924 035 $a(CONSER) 2008230462 035 $a(CKB)5470000002379559 035 $a(EXLCZ)995470000002379559 100 $a20041007a200u9999 sa a 101 0 $aeng 135 $aurmn||||||||| 181 $ctxt$2rdacontent 182 $cc$2rdamedia 183 $acr$2rdacarrier 200 00$aARMS update 210 $a[Washington, D.C.] $cU.S. Dept. of Agriculture, Economic Research Service 215 $cHTML file 517 3 $aAgricultural Resource Management Survey update 606 $aAgricultural resources$zUnited States$vPeriodicals 606 $aAgricultural surveys$zUnited States$vPeriodicals 606 $aAgricultural resources$2fast$3(OCoLC)fst00801277 606 $aAgricultural surveys$2fast$3(OCoLC)fst00801308 607 $aUnited States$2fast$1https://id.oclc.org/worldcat/entity/E39PBJtxgQXMWqmjMjjwXRHgrq 608 $aPeriodicals.$2fast 608 $aPeriodicals.$2lcgft 615 0$aAgricultural resources 615 0$aAgricultural surveys 615 7$aAgricultural resources. 615 7$aAgricultural surveys. 676 $a333 712 02$aUnited States.$bDepartment of Agriculture.$bEconomic Research Service. 801 0$bAGL 801 1$bAGL 801 2$bOCLCQ 801 2$bGPO 801 2$bDLC 801 2$bGPO 801 2$bOCLCQ 801 2$bOCLCA 801 2$bOCLCQ 801 2$bOCLCA 801 2$bOCLCF 801 2$bOCLCQ 801 2$bGILDS 801 2$bOCLCO 801 2$bOCLCQ 801 2$bAGL 801 2$bOCLCO 801 2$bOCLCQ 801 2$bOCLCL 801 2$bOCLCQ 906 $aDOCUMENT 912 $a9910696529503321 996 $aARMS update$93169512 997 $aUNINA